|
|
|
|
| LEADER |
00000naa2a2200000 4500 |
| 001 |
291951 |
| 005 |
20260119160718.0 |
| 035 |
|
|
|a (RuTPU)RU\TPU\book\316547
|
| 090 |
|
|
|a 291951
|
| 100 |
|
|
|a 20150417d2009 k y0rusy50 ca
|
| 101 |
0 |
|
|a rus
|
| 102 |
|
|
|a RU
|
| 135 |
|
|
|a drnn ---uucaa
|
| 181 |
|
0 |
|a i
|
| 182 |
|
0 |
|a b
|
| 200 |
1 |
|
|a Анализ результатов расчёта тепловых процессов в режущем инструменте
|d Analysis of the thermal process calculation results in cutter
|f В. Д. Клопотов, В. П. Нестеренко
|g науч. рук. К. П. Арефьев
|
| 203 |
|
|
|a Текст
|c электронный
|
| 225 |
1 |
|
|a Математика
|
| 300 |
|
|
|a Заглавие с титульного экрана
|
| 337 |
|
|
|a Adobe Reader
|
| 461 |
|
1 |
|0 (RuTPU)RU\TPU\book\266141
|t Перспективы развития фундаментальных наук
|l Prospects of Fundamental Sciences Development
|o труды VI Международной конференции студентов и молодых ученых, г. Томск, 26-29 мая 2009 г.
|o в 2 т.
|f Томский политехнический университет (ТПУ) ; под ред. Г. А. Воронова
|d 2009
|
| 463 |
|
0 |
|0 (RuTPU)RU\TPU\book\256961
|t Т. 2
|v [С. 581-584]
|d 2009
|
| 510 |
1 |
|
|a Analysis of the thermal process calculation results in cutter
|z eng
|
| 610 |
1 |
|
|a труды учёных ТПУ
|
| 610 |
1 |
|
|a электронный ресурс
|
| 610 |
1 |
|
|a режущие инструменты
|
| 610 |
1 |
|
|a тепловые процессы
|
| 610 |
1 |
|
|a анализ
|
| 610 |
1 |
|
|a схемы
|
| 610 |
1 |
|
|a тепловое напряжение
|
| 610 |
1 |
|
|a распределение
|
| 610 |
1 |
|
|a зависимости
|
| 700 |
|
1 |
|a Клопотов
|b В. Д.
|c физик
|c доцент Томского политехнического университета, кандидат технических наук
|f 1950-
|g Владимир Дмитриевич
|3 (RuTPU)RU\TPU\pers\28823
|9 13597
|
| 701 |
|
1 |
|a Нестеренко
|b В. П.
|c специалист в области материаловедения
|c доцент Томского политехнического университета, кандидат технических наук
|f 1949-
|g Владимир Петрович
|3 (RuTPU)RU\TPU\pers\30074
|
| 702 |
|
1 |
|a Арефьев
|b К. П.
|c физик
|c профессор Томского политехнического университета, доктор физико-математических наук
|c член-корреспондент РАЕН
|f 1947-
|g Константин Петрович
|3 (RuTPU)RU\TPU\pers\19765
|4 727
|9 7703
|
| 801 |
|
2 |
|a RU
|b 63413507
|c 20150417
|g RCR
|
| 856 |
4 |
|
|u http://www.lib.tpu.ru/fulltext/c/2009/C21/003.pdf
|
| 942 |
|
|
|c CF
|